000 00725nam a2200229Ia 4500
003 OSt
005 20260220041843.0
008 220923b |||||||| |||| 00| 0 eng d
020 _a0765607794
037 _cGeneral Book
040 _aRTL
_cRTL
_beng
041 _2eng
_aeng
084 _aY:45215.42.P, P2
_qRTL
100 _aSzimkowaik Kenneth
_9235652
245 0 _aSokaiya: extortion, protection and the Japanese corporation
_b
260 _aArmonk
_bSharpe
_c2002
300 _axvii, 203 p.
_bIncludes bibliographical references and index
500 _aBibliography: P 187-94
650 _aCrime Sociology
_9235653
942 _hY:45215.42.P, P2
_cGB
_2CC
999 _c479046
_d479046